00570 a2200169 450000100060000002000140000604000220002010000230004224000790006524500740014430000080021836200090022665000320023594200070026795201090027499900170038367288 a859868712 cAnchieta - Pituba aGarcia, Maurício10aGestão profissional em instituições privadas de ensino superiorlpor10aGestão profissional em instituições privadas de ensino superior a2040 a2006 4a.Universidades particulares cBK 00104070a91.1b91.1d2023-11-21l0o378.04 G216g GESp22156/PITr2023-11-21 18:35:20w2023-11-21yBK c67288d67288